Paises EUROPA - primeiras 2 letras - Estadísticas

Estadísticas generales
  • Esta prueba ha sido intentada 368 veces
  • La puntuación promedio es 35 de 44
Estadísticas de respuestas
Pais % Correcto
Eslovaquia
96%
Eslovenia
96%
Espanha
96%
Estonia
96%
Portugal
94%
Albania
91%
Alemanha
91%
Republica Checa
91%
Franca
89%
Moldavia
87%
Monaco
87%
Montenegro
87%
Russia
86%
Suecia
86%
Suica
86%
Liechtenstein
85%
Lituania
85%
Reino Unido
84%
Holanda
82%
Macedonia
82%
Malta
82%
Italia
81%
Belgica
80%
Noruega
80%
Grecia
79%
Irlanda
78%
Andorra
77%
Islandia
77%
Letonia
77%
Finlandia
75%
Croacia
71%
Dinamarca
70%
Luxemburgo
70%
San Marino
69%
Austria
68%
Bielorrussia
68%
Hungria
68%
Ucrania
68%
Bulgaria
66%
Servia
66%
Vaticano
66%
Bosnia & Herzegovina
64%
Kosovo
56%
Romenia
31%
No se encontraron pruebas coincidentes
Distribución de puntuación
Porcentaje de gente con cada puntuación
Porcentaje por número respondido
Historial de tus puntuaciones
No has intentado esta prueba.